000 00392pam a2200157a 44500
008 230515b2007 xxu||||| |||| 00| 0 eng d
020 _a9.78052E+12
041 _aENGLISH
082 _a620.381/HAM
100 _aHAMILTON SCOTT
245 _aAN ANALOG ELECTRONICS COMPANION
250 _aNULL
260 _aPUNE
_bCAMBRIDGE UNIVERSITY PRESS
_c2007
300 _aXVIII649P
650 _aNULL
999 _c662321
_d662321